Biblioteca ESET

Breve Historia Contemporánea Argentina. 1916-1999 (Registro nro. 484)

Detalles MARC
000 -CABECERA
fixed length control field 00695nam a2200241Ia 4500
003 - CONTROL NUMBER IDENTIFIER
control field AR-BeUNQ
005 - FECHA Y HORA DE LA ULTIMA TRANSACCION
control field 20240430123109.0
008 - ELEMENTOS DE LONGITUD FIJA-INFORMACION GENERAL
fixed length control field 221202s9999 xx 000 0 und d
020 ## - NUMERO INTERNACIONAL NORMALIZADO PARA LIBROS
Número Internacional Normalizado del libro 9505573936
040 ## - FUENTE DE CATALOGACION
Agencia de catalogación original AR-BeUNQ
Idioma de catalogación ESPAÑOL
Convenciones de la descripción aacr
Agencia que realiza la transcripción AR-BeUNQ
100 ## - ASIENTO PRINCIPAL-NOMBRE PERSONAL
Nombre personal Romero, Luis
245 #0 - MENCION DE TITULO
Título Breve Historia Contemporánea Argentina. 1916-1999
250 ## - MENCION DE EDICION
Mención de edición 2a ed.
260 ## - PUBLICACION, DISTRIBUCION, ETC.
Lugar de publicación, distribución, etc. Buenos Aires
Nombre del editor, distribuidor, etc. Sudamericana
Fecha de publicación, distribución, etc 2003
300 ## - DESCRIPCION FISICA
Extensión 320 p. ;
Otros detalles físicos i
Dimensiones 15 x 23 cm
490 ## - MENCION DE SERIE
Mención de serie Sección Obras de Historia
504 ## - NOTA DE BIBLIOGRAFIA, ETC.
Nota de bibliografía, etc. Contiene Bibliografía.
546 ## - NOTA DE IDIOMA
Nota de idioma Español
653 ## - TERMINO DE INDIZACION - NO CONTROLADO
Término de indización no controlado Historia Argentina
700 ## - ASIENTO SECUNDARIO - NOMBRE DE PERSONA
Personal name Romero, A
929 ## - DATOS DE ADQUISICION
Proveedor Biblioteca Begui
Fecha de recibido 2019
Procedencia DONACION
Patrimonio UNQ PAT0081511
Número de inventario 59702
942 ## - ELEMENTOS DE PUNTO DE ACCESO ADICIONAL (KOHA)
Tipo de ítem Koha Libros
Suppress in OPAC 0
Existencias
Estado de retiro Estado de pérdida Fecha de ingreso Total Checkouts Signatura topográfica completa Inventario Date last seen Tipo de ítem Koha
    02/12/2022   982 ROM 59702 02/12/2022 Libros

ESET UNQ

☏ 4365-7188
 Avenida República de Francia 1714 entre Doctor Kenny y Concordia, Ezpeleta, Bs As.
✉ secretaria_eset@unq.edu.ar

Con tecnología Koha